al-Sīnimā al-ʻArabīyah al-muʻāṣirah : maʻa dalīl al-aflām al-ʻArabīyah al-fāʼizah fī al-mahrajānāt al-dawlīyah /

Motion pictures; Arab countries; history; directory.

Saved in:
Bibliographic Details
Main Author: Farīd, Samīr.
Format: Book
Language:Arabic
Published: [Cairo] : al-Majlis al-Aʻlá lil-Thaqāfah, [1998]
Subjects:
Tags: Add Tag
No Tags, Be the first to tag this record!
LEADER 01255cam a2200301Ma 4500
001 008602018-8
005 20080522162635.0
008 020129s1998 ua c 000 0 ara d
010 |a 99503175 
020 |a 9773050637 
020 |a 9789773050634 
035 0 |a ocm49380598 
040 |a ZCU  |c ZCU  |d OCLCQ  |d DLC 
043 |a ma----- 
050 4 |a PN1993.5.A65  |b F37 1998 
100 1 |6 880-01  |a Farīd, Samīr. 
245 1 3 |6 880-02  |a al-Sīnimā al-ʻArabīyah al-muʻāṣirah :  |b maʻa dalīl al-aflām al-ʻArabīyah al-fāʼizah fī al-mahrajānāt al-dawlīyah /  |c Samīr Farīd. 
260 |6 880-03  |a [Cairo] :  |b al-Majlis al-Aʻlá lil-Thaqāfah,  |c [1998] 
300 |a 261 p. ;  |c 24 cm. 
520 |a Motion pictures; Arab countries; history; directory. 
650 0 |a Motion pictures  |z Arab countries  |x History. 
650 0 |a Motion pictures  |z Arab countries  |v Catalogs. 
752 |a Egypt  |d Cairo. 
880 1 |6 100-01  |a فريد، سمير. 
880 1 2 |6 245-02  |a السينما العربية المعاصرة :  |b مع دليل الأفلام العربية الفائزة في المهرجانات الدولية /  |c سمير فريد. 
880 |6 260-03  |a [Cairo] :  |b المجلس الأعلى للثقافة،  |c [1998] 
988 |a 20020608 
906 |0 OCLC